000 00260nam a22001217a 4500
008 180919b xxu||||| |||| 00| 0 eng d
041 _aeng
080 _a510
100 _a36
101 _aMAT
245 _aModern Trignometry
_cNielsen, K.L
942 _2udc
_cBK
999 _c48078
_d48078